[Event "Offene Hessische Senioren Einzelmeisters"]
[Site "Bad Sooden- Allendorf"]
[Date "2013.04.25"]
[Round "6.43"]
[White "Jürgens, Peter"]
[Black "Smits, Oswald"]
[Result "1-0"]
[WhiteElo "1832"]
[BlackElo "1678"]
[PlyCount "79"]
[EventDate "2013.??.??"]
[WhiteTeam "SC Tempo Göttingen"]
[BlackTeam "Sfr. Taunus Königstein/Schwalbac"]

1. d4 g6 2. Nf3 Bg7 3. Bf4 d6 4. e3 e6 5. Be2 Ne7 6. O-O O-O 7. c3 b6 8. a4 a5
9. Nbd2 Bb7 10. Bd3 Nd7 11. Qe2 d5 12. e4 dxe4 13. Nxe4 Nf6 14. Rfe1 Nxe4 15.
Bxe4 Bxe4 16. Qxe4 Nd5 17. Bd2 Nf6 18. Qe2 Qd6 19. Bg5 h6 20. Bh4 Nd7 21. Qc4
c6 22. Bg3 Qd5 23. Qe2 Qf5 24. Nd2 b5 25. Nb3 Rfe8 26. axb5 cxb5 27. Rxa5 Rxa5
28. Nxa5 Nb6 29. Nb7 Bf8 30. Nd6 Bxd6 31. Bxd6 Nc4 32. Bc5 Ra8 33. b3 Na5 34.
Ra1 Qd5 35. Qa2 Kg7 36. b4 Qe4 37. bxa5 Qd3 38. Qa3 Ra6 39. h3 Qe4 40. Bb6 1-0

[Event "Offene Hessische Senioren Einzelmeisters"]
[Site "Bad Sooden- Allendorf"]
[Date "2013.04.25"]
[Round "6.44"]
[White "Kripp, Wolfgang"]
[Black "Weyand, Fernand"]
[Result "1-0"]
[WhiteElo "1982"]
[BlackElo "1570"]
[PlyCount "95"]
[EventDate "2013.??.??"]
[WhiteTeam "SAbt SG 1945 Dietzenbach"]
[BlackTeam "SV Saarbrücken 1970 e.V."]

1. e4 c6 2. d4 d5 3. f3 e6 4. Be3 dxe4 5. Nd2 exf3 6. Ngxf3 Nf6 7. Nc4 Nbd7 8.
Bd3 Nd5 9. Bd2 Be7 10. O-O N7f6 11. c3 O-O 12. Qc2 Bd7 13. Rae1 c5 14. dxc5
Bxc5+ 15. Kh1 Rc8 16. a3 Bb5 17. b3 Nb6 18. Bg5 Bxc4 19. bxc4 h6 20. Bxf6 gxf6
21. Qe2 Re8 22. Rd1 Qc7 23. Qe4 f5 24. Qh4 Bf8 25. Nd4 Qe7 26. Qh3 Bg7 27. g4
fxg4 28. Qxg4 Rc5 29. Rde1 Nd7 30. Qf3 Ne5 31. Qe2 Nxd3 32. Qxd3 Rd8 33. Rg1
Rg5 34. Qe4 Rd7 35. Nf3 Rxg1+ 36. Rxg1 Kh8 37. Ne5 Rc7 38. Qg2 Qf6 39. Ng4 Qg6
40. Qf3 Qf5 41. Qg2 Qg6 42. Qe2 Qh5 43. Qd3 Qc5 44. Qd8+ Bf8 45. Nxh6 Qd6 46.
Qf6+ Kh7 47. Nxf7 Qc6+ 48. Rg2 1-0

[Event "Offene Hessische Senioren Einzelmeisters"]
[Site "Bad Sooden- Allendorf"]
[Date "2013.04.25"]
[Round "6.45"]
[White "Paulsen, Eckart"]
[Black "Montsma, Foppe-Jan"]
[Result "1/2-1/2"]
[WhiteElo "1696"]
[BlackElo "1906"]
[PlyCount "51"]
[EventDate "2013.??.??"]
[WhiteTeam "Post SV Neustadt"]

1. d4 d6 2. Nf3 Bg4 3. e3 Nf6 4. c4 Nbd7 5. Be2 c6 6. Nc3 e5 7. O-O Be7 8. b3
O-O 9. Bb2 Re8 10. dxe5 dxe5 11. Nd2 Bxe2 12. Qxe2 Bd6 13. Nde4 Bf8 14. Rfd1
Qc7 15. Rd2 Bb4 16. Rad1 Rad8 17. Rd3 Nxe4 18. Nxe4 Nf8 19. Rxd8 Rxd8 20. Rxd8
Qxd8 21. Bxe5 Qe7 22. f4 Ng6 23. Qd3 Nxe5 24. fxe5 Qxe5 25. Qd8+ Bf8 26. Qd4
1/2-1/2

[Event "Offene Hessische Senioren Einzelmeisters"]
[Site "Bad Sooden- Allendorf"]
[Date "2013.04.25"]
[Round "6.46"]
[White "Scholze, Roland"]
[Black "Busic, Nedjeljko"]
[Result "1/2-1/2"]
[WhiteElo "1686"]
[BlackElo "1877"]
[Annotator ",Microsoft"]
[PlyCount "56"]
[EventDate "2013.??.??"]
[WhiteTeam "SV Lok Dresden"]
[BlackTeam "SC Bad Nauheim"]

1. e4 g6 2. d4 d6 3. Nc3 Bg7 4. f4 c5 5. Be3 cxd4 6. Bxd4 e5 7. fxe5 dxe5 8.
Be3 Qxd1+ 9. Rxd1 Nf6 10. Bb5+ Bd7 11. Bxd7+ Nbxd7 12. Nf3 O-O 13. O-O b6 14.
h3 Rfc8 15. Rf2 Nf8 16. Rfd2 $11 Rc4 17. Nxe5 Rxc3 18. bxc3 Nxe4 19. Rd8 Rxd8
20. Rxd8 Bxe5 21. Re8 f6 22. Bh6 Kf7 23. Rxf8+ Ke6 24. c4 Nd6 25. Rh8 Nxc4 26.
Rxh7 g5 27. Kf1 a5 28. Ke2 Kd5 1/2-1/2

[Event "Offene Hessische Senioren Einzelmeisters"]
[Site "Bad Sooden- Allendorf"]
[Date "2013.04.25"]
[Round "6.47"]
[White "Bomert, Egon"]
[Black "Mewes, Hans-Dieter"]
[Result "1/2-1/2"]
[WhiteElo "1862"]
[BlackElo "1670"]
[PlyCount "24"]
[EventDate "2013.??.??"]
[WhiteTeam "SK Bad Sooden-Allendorf"]
[BlackTeam "Stader SV"]

1. Nf3 Nf6 2. c4 e6 3. Nc3 d5 4. e3 Be7 5. b3 O-O 6. Bb2 b6 7. Ne5 Bb7 8. d4
Nbd7 9. Qf3 Ne4 10. cxd5 Nxc3 11. Bxc3 Nxe5 12. dxe5 Qxd5 1/2-1/2

[Event "Offene Hessische Senioren Einzelmeisters"]
[Site "Bad Sooden- Allendorf"]
[Date "2013.04.25"]
[Round "6.48"]
[White "Mentel, Dr. Jürgen"]
[Black "Jung, Prof. Michael"]
[Result "1/2-1/2"]
[WhiteElo "1852"]
[BlackElo "1669"]
[PlyCount "31"]
[EventDate "2013.??.??"]
[WhiteTeam "Greifswalder SV"]
[BlackTeam "SV Osnabrück"]

1. e4 g6 2. d4 Bg7 3. Nf3 d6 4. Bd3 Nd7 5. O-O h6 6. Be3 e6 7. c3 Ne7 8. Qd2 a6
9. Ne1 b6 10. f4 f5 11. e5 O-O 12. exd6 cxd6 13. Qe2 Nf6 14. Nd2 Bb7 15. Bc4
Qd7 16. g3 1/2-1/2

[Event "Offene Hessische Senioren Einzelmeisters"]
[Site "Bad Sooden- Allendorf"]
[Date "2013.04.25"]
[Round "6.49"]
[White "Aepfler, Gerhard"]
[Black "Krotofil, Kurt"]
[Result "0-1"]
[WhiteElo "1657"]
[BlackElo "1834"]
[PlyCount "86"]
[EventDate "2013.??.??"]
[WhiteTeam "TSG Apolda"]
[BlackTeam "Niendorfer TSV 1919 SAbt"]

1. e4 c5 2. Nf3 Nc6 3. d4 cxd4 4. Nxd4 Nf6 5. Nc3 e5 6. Nxc6 bxc6 7. Bd3 Be7 8.
Qe2 O-O 9. h3 d6 10. g4 Be6 11. g5 Nd7 12. h4 Nc5 13. f4 Nxd3+ 14. cxd3 exf4
15. Bxf4 Qd7 16. Rg1 f5 17. e5 d5 18. h5 d4 19. Nd1 c5 20. b3 Bd5 21. h6 g6 22.
Nb2 Qc6 23. Kf2 Rfe8 24. Rge1 a5 25. Nc4 a4 26. Qd1 Ra7 27. bxa4 Rxa4 28. Qe2
Qe6 29. Rec1 Rea8 30. Rc2 Bd8 31. Kg3 Bc7 32. Rb1 Bxc4 33. dxc4 Ra3+ 34. Rb3
Rxb3+ 35. axb3 Re8 36. Qf3 Bxe5 37. Qd5 Bxf4+ 38. Kxf4 Qxd5 39. cxd5 Re4+ 40.
Kf3 d3 41. Rd2 Rd4 42. Ke3 f4+ 43. Kf3 Kf7 0-1

[Event "Offene Hessische Senioren Einzelmeisters"]
[Site "Bad Sooden- Allendorf"]
[Date "2013.04.25"]
[Round "6.50"]
[White "Perk, Egbert"]
[Black "Brandt, Fred"]
[Result "1/2-1/2"]
[WhiteElo "1834"]
[BlackElo "1652"]
[Annotator ",Microsoft"]
[PlyCount "59"]
[EventDate "2013.??.??"]
[WhiteTeam "SK Lister Turm"]
[BlackTeam "SV Königsjäger Süd-West e.V."]

1. e4 e5 2. Nf3 Nf6 3. d4 exd4 4. e5 Ne4 5. Qxd4 d5 6. exd6 Nxd6 7. Bg5 f6 8.
Bf4 Nc6 9. Qd2 Qe7+ 10. Be2 Bg4 11. O-O O-O-O 12. Qe3 Qxe3 13. Bxe3 Nf5 14. Bd3
Nxe3 $11 15. fxe3 Bc5 16. Kf2 Rhe8 17. Re1 g6 18. h3 Bxf3 19. gxf3 Nb4 20. Nc3
Nxd3+ 21. cxd3 Rxd3 22. Ne4 Be7 23. Ke2 Red8 24. Rad1 Rxd1 25. Rxd1 Rxd1 26.
Kxd1 f5 27. Nd2 Kd7 28. Kc2 b5 29. Kb3 c5 30. Kc3 1/2-1/2

[Event "Offene Hessische Senioren Einzelmeisters"]
[Site "Bad Sooden- Allendorf"]
[Date "2013.04.25"]
[Round "6.51"]
[White "Rollwitz, Jürgen"]
[Black "Fromme, Werner"]
[Result "1/2-1/2"]
[WhiteElo "1804"]
[BlackElo "1643"]
[PlyCount "31"]
[EventDate "2013.??.??"]
[WhiteTeam "SG Wedding e.V."]
[BlackTeam "SG Witten"]

1. e4 c5 2. Nc3 e6 3. f4 Nc6 4. Nf3 d6 5. d4 cxd4 6. Nxd4 Nxd4 7. Qxd4 a6 8.
Be3 Bd7 9. Be2 Qc7 10. Qb6 Rc8 11. Qxc7 Rxc7 12. Rc1 Bc6 13. O-O Nf6 14. Bf3
Be7 15. e5 dxe5 16. fxe5 1/2-1/2

[Event "Offene Hessische Senioren Einzelmeisters"]
[Site "Bad Sooden- Allendorf"]
[Date "2013.04.25"]
[Round "6.52"]
[White "Türtmann, Dieter"]
[Black "Stuiber, Wilhelm"]
[Result "1/2-1/2"]
[WhiteElo "1797"]
[BlackElo "1627"]
[PlyCount "70"]
[EventDate "2013.??.??"]
[WhiteTeam "ESV 1949 Eberswalde e.V."]
[BlackTeam "SK Turm Euskirchen 65"]

1. Nf3 e6 2. c4 d5 3. e3 c6 4. d4 f5 5. Nbd2 Nf6 6. Ne5 Bd6 7. Ndf3 Nbd7 8.
Nxd7 Bxd7 9. Be2 O-O 10. O-O Ne4 11. Bd2 Qf6 12. Bc3 Nxc3 13. bxc3 b6 14. cxd5
cxd5 15. c4 Bc6 16. a4 g5 17. g3 h5 18. h4 gxh4 19. Nxh4 Qg5 20. Ng2 Kg7 21.
cxd5 Bxd5 22. Bf3 Bxf3 23. Qxf3 Kh6 24. Rfc1 Rg8 25. Kf1 Rac8 26. Rc6 Qe7 27.
Rac1 Qd7 28. Nf4 Bxf4 29. Qxf4+ Kg6 30. d5 Rxc6 31. dxc6 Qd5 32. Qc4 Qxc4+ 33.
Rxc4 Rc8 34. c7 Kf6 35. Ke2 Ke7 1/2-1/2

[Event "Offene Hessische Senioren Einzelmeisters"]
[Site "Bad Sooden- Allendorf"]
[Date "2013.04.25"]
[Round "6.53"]
[White "Papapostolou, Christos"]
[Black "Baum, Bernd"]
[Result "0-1"]
[WhiteElo "1950"]
[BlackElo "2232"]
[PlyCount "88"]
[EventDate "2013.??.??"]
[WhiteTeam "SK Bad Sooden-Allendorf"]
[BlackTeam "SV Empor Erfurt"]

1. d4 e6 2. Nf3 d5 3. c4 c6 4. Nc3 dxc4 5. a4 Bb4 6. Bd2 a5 7. e3 Nf6 8. Bxc4
O-O 9. Qc2 Nbd7 10. O-O Qe7 11. e4 e5 12. dxe5 Nxe5 13. Nxe5 Qxe5 14. Ne2 Bxd2
15. Qxd2 Qxe4 16. Qc3 Be6 17. b3 Rfe8 18. f3 Qh4 19. g3 Qg5 20. Bxe6 Rxe6 21.
Nf4 Qe5 22. Qc2 Qd4+ 23. Qf2 Rd6 24. h4 Rad8 25. Rfe1 Kf8 26. Rac1 Qxf2+ 27.
Kxf2 Rd2+ 28. Re2 Rxe2+ 29. Kxe2 Nd5 30. Nd3 Ke7 31. Nc5 b6 32. Ne4 Kd7 33. f4
Re8 34. Kf3 f5 35. Nd2 Re3+ 36. Kf2 Kc7 37. Rc2 Rc3 38. Rxc3 Nxc3 39. Ke3 Kd6
40. Kd3 Nd5 41. Nc4+ Kc5 42. Kc2 Kd4 43. Kd2 Kc5 44. Kc2 Nf6 0-1

[Event "Offene Hessische Senioren Einzelmeisters"]
[Site "Bad Sooden- Allendorf"]
[Date "2013.04.25"]
[Round "6.54"]
[White "Reimann, Günther"]
[Black "Kirchberg, Hans-Georg"]
[Result "1/2-1/2"]
[WhiteElo "1771"]
[BlackElo "1597"]
[PlyCount "56"]
[EventDate "2013.??.??"]
[WhiteTeam "SC Magstadt"]
[BlackTeam "SK Dingelstädt 1921"]

1. c4 Nf6 2. Nf3 c5 3. g3 b6 4. Bg2 Bb7 5. O-O Nc6 6. Nc3 e6 7. d3 Be7 8. a3
O-O 9. Rb1 Rb8 10. b3 d5 11. Bf4 Bd6 12. Bg5 Be7 13. Qc2 h6 14. Bf4 Bd6 15. Bc1
a6 16. Re1 Re8 17. e4 dxe4 18. dxe4 Ng4 19. Rd1 Qe7 20. Bb2 Nge5 21. Nxe5 Nd4
22. Qd3 Bxe5 23. f4 Bc7 24. Ne2 Nxe2+ 25. Qxe2 Red8 26. Qg4 f6 27. Qe2 Rxd1+
28. Rxd1 Rd8 1/2-1/2

[Event "Offene Hessische Senioren Einzelmeisters"]
[Site "Bad Sooden- Allendorf"]
[Date "2013.04.25"]
[Round "6.55"]
[White "Huhn, Ulrich"]
[Black "Roth, Reinhard"]
[Result "0-1"]
[WhiteElo "1757"]
[BlackElo "1604"]
[PlyCount "42"]
[EventDate "2013.??.??"]
[WhiteTeam "SF Siemensstadt"]
[BlackTeam "Sfr. Taunus Königstein/Schwalbac"]

1. d4 Nf6 2. Nc3 e6 3. Bg5 Bb4 4. e4 d6 5. e5 Bxc3+ 6. bxc3 h6 7. Bh4 dxe5 8.
dxe5 Qxd1+ 9. Rxd1 g5 10. Bg3 Ne4 11. Ne2 Nc6 12. f4 Bd7 13. Rd3 Ne7 14. Nc1
Nd5 15. fxg5 hxg5 16. Rd4 Nxg3 17. Rg1 Rxh2 18. Rg4 Nxf1 19. Rxg5 O-O-O 20.
Rxf1 Ne3 21. Rxf7 Nxg2+ 0-1

[Event "Offene Hessische Senioren Einzelmeisters"]
[Site "Bad Sooden- Allendorf"]
[Date "2013.04.25"]
[Round "6.56"]
[White "Voermans, Adri"]
[Black "Van Vorselen, Theo"]
[Result "0-1"]
[WhiteElo "1756"]
[BlackElo "1595"]
[Annotator ",Microsoft"]
[PlyCount "29"]
[EventDate "2013.??.??"]
[WhiteTeam "Discendo Discimus"]
[BlackTeam "DD Den Haag"]

1. d4 d5 2. e4 dxe4 3. Nc3 Nf6 4. f3 exf3 5. Nxf3 Bg4 6. Bc4 e6 7. O-O Be7 8.
Bg5 O-O 9. Qd2 Nbd7 10. Rae1 c6 11. Qf4 Bf5 12. d5 Qb6+ 13. Kh1 cxd5 14. Bxd5
Bd6 {Rest nicht rekonstruierbar} 15. Re5 0-1

[Event "Offene Hessische Senioren Einzelmeisters"]
[Site "Bad Sooden- Allendorf"]
[Date "2013.04.25"]
[Round "6.57"]
[White "Viererbe, Hartmut"]
[Black "Ranker, Klemens"]
[Result "1/2-1/2"]
[WhiteElo "1607"]
[BlackElo "1744"]
[PlyCount "108"]
[EventDate "2013.??.??"]
[WhiteTeam "SC 51 Nordhausen"]
[BlackTeam "SC Hauptstuhl"]

1. Nf3 Nf6 2. c4 c5 3. Nc3 d6 4. e4 Nc6 5. d4 cxd4 6. Nxd4 Bd7 7. Be2 g6 8. O-O
Bg7 9. Be3 O-O 10. Qd2 Nxd4 11. Bxd4 Bc6 12. f3 a6 13. b4 Rc8 14. a4 e5 15. Be3
Ne8 16. Rfd1 f5 17. b5 Bd7 18. Qd5+ Kh8 19. Qxb7 Be6 20. Nd5 axb5 21. axb5 f4
22. Bf2 Rf7 23. Qa6 Rb8 24. b6 Bc8 25. Qa5 Bb7 26. Qb4 Bf8 27. Qb2 h5 28. Rac1
Bxd5 29. Rxd5 Nf6 30. Rd2 Rd7 31. Rcd1 Qe8 32. Qb5 Rbb7 33. Qa4 Qe7 34. Kf1 Kh7
35. Qc6 g5 36. h3 Kg7 37. Rxd6 Rxd6 38. Rxd6 Rxb6 39. Qxb6 Qxd6 40. Qxd6 Bxd6
41. c5 Bc7 42. c6 Ne8 43. Bc5 Kf6 44. Bc4 h4 45. Ke2 Nd6 46. Bd5 Nc8 47. Kd3
Bd6 48. Bf2 Ke7 49. Kc4 Ba3 50. Kb5 Kd6 51. Ka6 Kc7 52. Kb5 Bd6 53. Be6 Ne7 54.
Bb6+ Kb8 1/2-1/2

[Event "Offene Hessische Senioren Einzelmeisters"]
[Site "Bad Sooden- Allendorf"]
[Date "2013.04.25"]
[Round "6.58"]
[White "Samarian, Cornel"]
[Black "Merettig, Georg"]
[Result "1/2-1/2"]
[WhiteElo "1574"]
[BlackElo "1727"]
[PlyCount "65"]
[EventDate "2013.??.??"]
[WhiteTeam "SC Pegasus Lohkirchen"]
[BlackTeam "SV Caissa Wolfenbüttel"]

1. c4 Nc6 2. Nc3 f5 3. d4 e5 4. dxe5 Nxe5 5. e3 Nf6 6. h3 b6 7. Nf3 Ng6 8. Qc2
Bb4 9. Bd2 O-O 10. O-O-O Bb7 11. Be2 c6 12. Rhg1 Bxc3 13. Bxc3 Ne4 14. Be1 d5
15. Nd2 Nd6 16. cxd5 cxd5 17. Kb1 a5 18. Nf3 a4 19. Bb4 Qd7 20. Nd4 Rfc8 21.
Qd3 Ne5 22. Qa3 Ndc4 23. Bxc4 Nxc4 24. Qc3 a3 25. b3 Nb2 26. Qd2 Nxd1 27. Rxd1
Qe8 28. f3 Qg6 29. Ka1 Re8 30. f4 Rac8 31. Bxa3 Re4 32. Re1 Qg3 33. Nxf5
1/2-1/2

[Event "Offene Hessische Senioren Einzelmeisters"]
[Site "Bad Sooden- Allendorf"]
[Date "2013.04.25"]
[Round "6.59"]
[White "Pajcin, Dr. Jovan"]
[Black "Hampe, Werner"]
[Result "1/2-1/2"]
[WhiteElo "1722"]
[BlackElo "1587"]
[PlyCount "38"]
[EventDate "2013.??.??"]
[WhiteTeam "Philidor Leiden"]
[BlackTeam "SK Lister Turm"]

1. e4 e5 2. Nf3 Nc6 3. Nc3 d6 4. h3 Nf6 5. d4 exd4 6. Nd5 h6 7. Nxd4 Nxd4 8.
Qxd4 Be7 9. Bc4 O-O 10. O-O Nxd5 11. exd5 Bf6 12. Qd1 Bf5 13. c3 a6 14. Qf3 Bg6
15. Bf4 Be5 16. Bg3 Re8 17. Rfe1 Bxg3 18. Qxg3 Qf6 19. Re3 Rxe3 1/2-1/2

[Event "Offene Hessische Senioren Einzelmeisters"]
[Site "Bad Sooden- Allendorf"]
[Date "2013.04.25"]
[Round "6.60"]
[White "Bartels, Lothar"]
[Black "Mertens, Gottfried"]
[Result "1/2-1/2"]
[WhiteElo "1568"]
[BlackElo "1721"]
[PlyCount "85"]
[EventDate "2013.??.??"]
[WhiteTeam "SG Lasker Steglitz-Wilmersdorf"]
[BlackTeam "SK Weinheim 1911 e.V."]

1. Nf3 e6 2. c4 f5 3. d4 Nf6 4. Nc3 Bb4 5. Bd2 O-O 6. a3 Bxc3 7. Bxc3 d6 8. e3
Ne4 9. Bd3 Nxc3 10. bxc3 Nd7 11. Nd2 e5 12. O-O e4 13. Be2 Qg5 14. f4 Qe7 15.
Re1 Nf6 16. h3 Kh8 17. Kh2 Bd7 18. Rg1 Rg8 19. Qe1 g5 20. fxg5 Rxg5 21. Qf2
Rag8 22. g3 Qg7 23. Rg2 Qh6 24. Qf4 Qg7 25. Rb1 b6 26. Rbg1 Rg6 27. Rh1 Rg5 28.
Nf1 Be8 29. Kg1 Nh5 30. Qf2 Nxg3 31. Nxg3 Rxg3 32. Rxg3 Qxg3+ 33. Qxg3 Rxg3+
34. Kf2 Rg5 35. h4 Rg7 36. Rg1 Rxg1 37. Kxg1 Kg7 38. Kf2 Kh6 39. Kg3 Bh5 40.
Bf1 Bg4 41. Kf4 Kg6 42. Bg2 Kf6 43. Bxe4 1/2-1/2

[Event "Offene Hessische Senioren Einzelmeisters"]
[Site "Bad Sooden- Allendorf"]
[Date "2013.04.25"]
[Round "6.61"]
[White "Nietsch, Horst"]
[Black "Mittelstaedt, Ewald"]
[Result "1-0"]
[WhiteElo "1719"]
[BlackElo "1375"]
[Annotator ",Microsoft"]
[PlyCount "100"]
[EventDate "2013.??.??"]
[WhiteTeam "SG Weißensee 49 e.V."]
[BlackTeam "SC Tarrasch 45 München"]

1. e4 d6 2. d4 c6 3. Nf3 Bg4 4. Nc3 Nd7 5. h3 Bh5 6. Be2 h6 7. Be3 e5 8. d5 c5
9. O-O Be7 10. Qd2 a6 11. a4 Bg6 12. Nh2 Ngf6 13. Bf3 b6 14. Qe2 Nh7 15. Bh5
O-O 16. Bxg6 fxg6 17. f4 exf4 18. Bxf4 g5 19. Bg3 Ne5 20. Bxe5 dxe5 21. Rxf8+
Bxf8 22. Ng4 Bd6 23. Rf1 Nf6 $11 24. Nxf6+ gxf6 25. Qh5 Kg7 26. Ne2 Qe8 27. Ng3
Qxh5 28. Nxh5+ Kg6 29. Rxf6+ Kxh5 30. Rxd6 b5 31. g4+ Kh4 32. Kg2 Rh8 33. Rxa6
h5 34. gxh5 g4 35. hxg4 Kxg4 36. axb5 Kf4 37. Rc6 Kxe4 38. Rxc5 Rxh5 39. b6 Kd4
40. b7 Rg5+ 41. Kf1 Rf5+ 42. Ke2 Kxc5 43. b8=Q Kxd5 44. Qb7+ Kd6 45. c4 e4 46.
Qxe4 Re5 47. Qxe5+ Kxe5 48. Kd3 Kd6 49. Kd4 Kc6 50. b4 Kb6 1-0

[Event "Offene Hessische Senioren Einzelmeisters"]
[Site "Bad Sooden- Allendorf"]
[Date "2013.04.25"]
[Round "6.62"]
[White "Johannsen, Ingbert"]
[Black "Schmieder, Wolfgang"]
[Result "1/2-1/2"]
[WhiteElo "1708"]
[BlackElo "1586"]
[PlyCount "35"]
[EventDate "2013.??.??"]
[WhiteTeam "SG Witten"]
[BlackTeam "Kasseler SK 1876"]

1. e4 c5 2. Nf3 d6 3. d4 cxd4 4. Nxd4 Nf6 5. Nc3 a6 6. Be2 e5 7. Nb3 b5 8. a3
Bb7 9. Bg5 Be7 10. Qd3 Nbd7 11. O-O-O Nc5 12. Nxc5 dxc5 13. Qg3 Qc7 14. Bxf6
Bxf6 15. Nd5 Bxd5 16. Rxd5 O-O 17. Rhd1 Rad8 18. c4 1/2-1/2

[Event "Offene Hessische Senioren Einzelmeisters"]
[Site "Bad Sooden- Allendorf"]
[Date "2013.04.25"]
[Round "6.63"]
[White "Brueckner, Ewald"]
[Black "Ophoff, Rigobert"]
[Result "1/2-1/2"]
[WhiteElo "1526"]
[BlackElo "1706"]
[PlyCount "34"]
[EventDate "2013.??.??"]
[WhiteTeam "1.Hainstädter SC 1950"]
[BlackTeam "Rhedaer SV von 1931 e."]

1. f4 d6 2. Nf3 Nf6 3. e3 g6 4. Be2 Bg7 5. c3 c5 6. O-O O-O 7. d3 Nc6 8. a3 b6
9. Qe1 e6 10. e4 Qc7 11. h3 Ba6 12. Nh2 c4 13. Rf3 cxd3 14. Bxd3 Bxd3 15. Rxd3
d5 16. e5 Ne4 17. Nd2 Nxd2 1/2-1/2

[Event "Offene Hessische Senioren Einzelmeisters"]
[Site "Bad Sooden- Allendorf"]
[Date "2013.04.25"]
[Round "6.64"]
[White "Garms, Ilse"]
[Black "Geisler, Reinhard"]
[Result "1-0"]
[WhiteElo "1551"]
[BlackElo "1697"]
[PlyCount "55"]
[EventDate "2013.??.??"]
[WhiteTeam "Brandenburger LSSV"]
[BlackTeam "SK Werther 1949 e.V."]

1. d4 Nf6 2. Nf3 e6 3. e3 b6 4. Bd3 Bb7 5. Nbd2 d5 6. O-O c5 7. c3 Be7 8. Re1
Ne4 9. Qa4+ Bc6 10. Bb5 Bxb5 11. Qxb5+ Qd7 12. Qd3 f5 13. Ne5 Qc7 14. Qe2 O-O
15. Qh5 Nxd2 16. Bxd2 Nd7 17. Nd3 Rae8 18. Nf4 Rf6 19. Qxe8+ Nf8 20. Qh5 Rh6
21. Qf3 g5 22. Qg3 Qd8 23. Nd3 g4 24. Ne5 Qe8 25. e4 Rh5 26. exf5 exf5 27. Nxg4
Ng6 28. Nf6+ 1-0

[Event "Offene Hessische Senioren Einzelmeisters"]
[Site "Bad Sooden- Allendorf"]
[Date "2013.04.25"]
[Round "6.65"]
[White "Berger, Volkmar"]
[Black "Plischke, Berthold"]
[Result "1-0"]
[WhiteElo "1547"]
[BlackElo "1828"]
[Annotator ",Microsoft"]
[PlyCount "43"]
[EventDate "2013.??.??"]
[WhiteTeam "BSV-KW Jänschwalde 94 e.V."]
[BlackTeam "SV Wesel 1928 e.V."]

1. d4 f5 2. Nc3 Nf6 3. Bg5 Ne4 4. Nxe4 fxe4 5. d5 c5 6. e3 g6 7. Qg4 Bg7 8. c3
Qb6 9. Qxe4 O-O 10. Qc2 e6 11. Bc4 Rf5 12. dxe6 d5 13. e4 $11 Rxg5 14. exd5 Rg4
15. Qe2 Rxc4 16. e7 Bd7 17. Qxc4 Qxb2 18. d6+ Kh8 19. Rd1 Bxc3+ 20. Kf1 Nc6 21.
Qf7 Ne5 22. Qf8+ 1-0

[Event "Offene Hessische Senioren Einzelmeisters"]
[Site "Bad Sooden- Allendorf"]
[Date "2013.04.25"]
[Round "6.66"]
[White "Kleist, Werner"]
[Black "Brahn, Helmut"]
[Result "1/2-1/2"]
[WhiteElo "1900"]
[BlackElo "1547"]
[PlyCount "57"]
[EventDate "2013.??.??"]
[WhiteTeam "Berlin"]
[BlackTeam "SG Springer Burghaun"]

1. b4 d6 2. b5 c6 3. c4 c5 4. Bb2 b6 5. e3 Nd7 6. Nf3 e6 7. Be2 Ngf6 8. O-O Bb7
9. d4 cxd4 10. Nxd4 Be7 11. Bf3 Qc7 12. Bxb7 Qxb7 13. Nc6 Nc5 14. Nxe7 Qxe7 15.
Qf3 O-O 16. Bxf6 Qxf6 17. Qxf6 gxf6 18. Rd1 Rfd8 19. Nd2 f5 20. Nf3 Rd7 21. Nd4
Nb7 22. Nc6 f6 23. Rd2 Na5 24. Nxa5 bxa5 25. c5 d5 26. c6 Rc7 27. Rc2 Kf8 28.
Rc3 Rb8 29. a4 1/2-1/2

[Event "Offene Hessische Senioren Einzelmeisters"]
[Site "Bad Sooden- Allendorf"]
[Date "2013.04.25"]
[Round "6.67"]
[White "Dombrowe, Eckehard"]
[Black "Wittmann, Georg"]
[Result "1/2-1/2"]
[WhiteElo "1562"]
[BlackElo "1805"]
[PlyCount "41"]
[EventDate "2013.??.??"]
[WhiteTeam "SG Nettetal 1929"]
[BlackTeam "SV 51 Zerbst"]

1. d4 d5 2. c4 c6 3. cxd5 cxd5 4. Nf3 Nf6 5. Nc3 Nc6 6. h3 Qb6 7. a3 e6 8. e3
a6 9. Bd3 Be7 10. O-O Qc7 11. Qc2 O-O 12. Bd2 e5 13. dxe5 Nxe5 14. Nxe5 Qxe5
15. f4 Qe6 16. Rae1 Bd7 17. Ne2 Rac8 18. Qb3 b5 19. Nd4 Qb6 20. Rc1 Rxc1 21.
Rxc1 1/2-1/2

[Event "Offene Hessische Senioren Einzelmeisters"]
[Site "Bad Sooden- Allendorf"]
[Date "2013.04.25"]
[Round "6.68"]
[White "Ripoll, Luis"]
[Black "Hegner, Peter"]
[Result "1-0"]
[WhiteElo "1803"]
[BlackElo "1521"]
[Annotator ",Microsoft"]
[PlyCount "63"]
[EventDate "2013.??.??"]
[WhiteTeam "SK Lister Turm"]
[BlackTeam "SC Bad Soden"]

1. e4 e5 2. Nf3 Nc6 3. Bb5 d6 4. c3 Bd7 5. O-O Be7 6. Re1 Nf6 7. d4 exd4 8.
cxd4 O-O 9. h3 a6 10. Bf1 h6 11. Nc3 Nh7 12. Nd5 Rc8 13. Nxe7+ Nxe7 14. Bd2 Nf6
15. Bc3 Ng6 16. e5 Nd5 17. Bd2 dxe5 18. Nxe5 Nxe5 19. dxe5 Be6 $11 20. Qh5 Ne7
21. Rad1 Qe8 22. b3 f6 23. Qxe8 Rcxe8 24. exf6 Nc6 25. fxg7 Kxg7 26. Bc3+ Kf7
27. Re3 Rg8 28. Rf3+ Kg6 29. Rf6+ Kh5 30. Be2+ Kg5 31. f4+ Kh4 32. Be1+ 1-0

[Event "Offene Hessische Senioren Einzelmeisters"]
[Site "Bad Sooden- Allendorf"]
[Date "2013.04.25"]
[Round "6.69"]
[White "Heil, Rudolf"]
[Black "Schneider, Miloca"]
[Result "0-1"]
[WhiteElo "1583"]
[BlackElo "1799"]
[Annotator ",Microsoft"]
[PlyCount "29"]
[EventDate "2013.??.??"]
[WhiteTeam "SC Starnberg"]
[BlackTeam "SG Witten"]

1. c4 b6 2. d4 e6 3. d5 d6 4. g3 $11 e5 5. Bg2 Be7 6. e4 Nf6 7. Ne2 O-O 8. O-O
a5 9. Nbc3 Na6 10. f4 exf4 11. Bxf4 Rb8 12. Nd4 Bd7 13. Ncb5 $11 Ng4 14. Nc6
Bxc6 15. dxc6 {Rest nicht rekonstruierbar} 0-1

[Event "Offene Hessische Senioren Einzelmeisters"]
[Site "Bad Sooden- Allendorf"]
[Date "2013.04.25"]
[Round "6.70"]
[White "Schiller, Hans"]
[Black "Thielemann, Joachim"]
[Result "0-1"]
[WhiteElo "1586"]
[BlackElo "1777"]
[PlyCount "92"]
[EventDate "2013.??.??"]
[WhiteTeam "SF Bad Lausick"]
[BlackTeam "TSV Hessenstein"]

1. d4 Nf6 2. Nf3 d6 3. Bg5 Nbd7 4. e3 h6 5. Bh4 e6 6. Be2 Be7 7. O-O O-O 8. c4
Ne4 9. Bxe7 Qxe7 10. Nc3 Ng5 11. Nd2 f5 12. f4 Nf7 13. e4 fxe4 14. Ncxe4 e5 15.
fxe5 dxe5 16. d5 Ng5 17. Qc2 Nxe4 18. Rxf8+ Nxf8 19. Qxe4 Bd7 20. Bh5 Qg5 21.
Qe2 g6 22. Bf3 Re8 23. Ne4 Qe7 24. Qe3 Kg7 25. Qxa7 Qb4 26. b3 Bf5 27. Qf2 Nd7
28. Qe3 Rf8 29. a3 Qe7 30. b4 Bxe4 31. Bxe4 Nf6 32. Re1 Ra8 33. Qg3 g5 34. Qf3
Rf8 35. Bf5 Ne8 36. Qd3 Nd6 37. Be6 Rf4 38. c5 Nc4 39. Re4 b5 40. cxb6 Nxb6 41.
Rxe5 Qf6 42. Re1 Nc4 43. Rf1 Ne3 44. Rc1 Qe5 45. h3 Kf6 46. Qb5 Rf2 0-1